|
|
|
|
| LEADER |
00000naa2a2200000 4500 |
| 001 |
389889 |
| 005 |
20231101063923.0 |
| 035 |
|
|
|a (RuTPU)RU\TPU\prd\22501
|
| 090 |
|
|
|a 389889
|
| 100 |
|
|
|a 20040210a2003 k y0rusy50 ca
|
| 101 |
0 |
|
|a rus
|
| 102 |
|
|
|a RU
|
| 200 |
1 |
|
|a Анализ шумов в устройствах с операционными усилителями
|f О. Петраков
|
| 225 |
1 |
|
|a Основы схемотехники
|
| 311 |
|
|
|a Продолжение. Начало: 2003, №8.
|
| 461 |
|
1 |
|0 (RuTPU)RU\TPU\prd\2494
|t Схемотехника
|o научно-технический журнал
|d 2002-2007
|
| 463 |
|
1 |
|0 (RuTPU)RU\TPU\prd\19087
|t № 9
|v С. 20-21
|d 2003
|
| 610 |
1 |
|
|a шумы
|
| 610 |
1 |
|
|a усилители
|
| 610 |
1 |
|
|a операционные усилители
|
| 610 |
1 |
|
|a модели шумов
|
| 610 |
1 |
|
|a резисторы
|
| 610 |
1 |
|
|a схемы
|
| 610 |
1 |
|
|a вычисление шумов
|
| 700 |
|
1 |
|a Петраков
|b О.
|
| 801 |
|
1 |
|a RU
|b 63413507
|c 20040210
|g PSBO
|
| 801 |
|
2 |
|a RU
|b 63413507
|c 20131218
|g RCR
|
| 942 |
|
|
|c BK
|